| 000 | 00393nam a22001337a 4500 | ||
|---|---|---|---|
| 082 |
_a624.2 _bSHA _cL-19, P-28 |
||
| 100 |
_aShahane & Alexandar _943533 |
||
| 245 |
_aBridges in answer & questions / _cAlexandar & Shahane |
||
| 260 |
_aBombay : _bEngineering Book Company Bombay, _c. |
||
| 300 | _a176 p. : | ||
| 526 |
_a0 _b0 _c0 _d624_200000000000000_SHA |
||
| 650 |
_aMCE _9379 |
||
| 942 |
_2ddc _cBK |
||
| 999 |
_c547329 _d547329 |
||